000
00296nam a2200109Ia 4500
005
20251222154304.0
008
251222s9999||||xx |||||||||||||| ||spa||
020
_a
84-451-0303-2
082
_a
465/C76
245
0
_a
"Enfoque metodológico para la formación: dichos, hechos y trechos"
942
_c
LIB
999
_c
33157
_d
33157